All the races - Statistics

General Stats
  • This quiz has been taken 46 times
  • The average score is 4 of 5
Answer Stats
Hint Answer % Correct
African amarican or African Black
100%
Origins from European people White
98%
This race takes up 83% of the Asian population Asian
88%
Are Cuban,Mexican,porterican Haspanic/ Latino
76%
On pacific islands Hawaiian/Pacific Islander
60%
No matching quizzes found
Score Distribution
Percent of People with Each Score
Percentile by Number Answered
Your Score History
You have not taken this quiz